000 01107naa a22003017a 4500
001 BR6009837
003 BR-BrBNA
005 20240918173116.0
007 ta
008 230509b bl.||||| |||| 00| 0 por d
040 _aBR-BrBNA
_bpor
_cBiblioteca Nacional de Agricultura
041 _a(Pt)
072 _aH20
_b4110
_b1850
_b3575
_bG514
090 _aH20 BR6009837
100 1 _aRobbs, C.F.
111 1 _a4. Reuniao de Fitossanitaristas do Brasil
_cRio de Janeiro, GB (Brazil)
_d21 Oct 1957
245 1 _aO cancro bacteriano do tomateiro [Doenca de planta; Lycopersicum esculentum; Brasil]
260 3 _aRio de Janeiro, GB (Brasil):
_c1958.
500 _aAnais da 4. Reuniao de Fitossanitaristas do Brasil Rio de Janeiro, GB (Brasil): 1958. p. 43-46 (BR6009837-AM)H20
650 _aDoenca de planta
650 _aCancro bacteriano
650 _aTomate
650 _aSemente
650 _aDesinfeccao
773 0 _tAnais da 4. Reuniao de Fitossanitaristas do Brasil
_wH20 BR6009837
_gRio de Janeiro, GB (Brasil), 1958. p. 43-46
909 _a202404
_bLucia
_c55
_dLucia Elande
942 _cAM
_2AGRIS
999 _c302918
_d302918